Vakkeelammavan / (Record no. 18138)
[ view plain ]
| 000 -LEADER | |
|---|---|
| fixed length control field | 00396nam a22001697a 4500 |
| 003 - CONTROL NUMBER IDENTIFIER | |
| control field | OSt |
| 008 - FIXED-LENGTH DATA ELEMENTS--GENERAL INFORMATION | |
| fixed length control field | 241007b |||||||| |||| 00| 0 eng d |
| 020 ## - INTERNATIONAL STANDARD BOOK NUMBER | |
| ISBN | 9789386822598 |
| 041 ## - LANGUAGE CODE | |
| Language code of text/sound track or separate title | mal |
| 082 ## - DEWEY DECIMAL CLASSIFICATION NUMBER | |
| Classification number | 894.8123 |
| Item number | MAD/VA |
| 100 ## - MAIN ENTRY--AUTHOR NAME | |
| Personal name | Madhavikutty |
| 245 ## - TITLE STATEMENT | |
| Title | Vakkeelammavan / |
| 260 ## - PUBLICATION, DISTRIBUTION, ETC. (IMPRINT) | |
| Place of publication | Kannur : |
| Name of publisher | Kairali Books, |
| Year of publication | 2024 (2006) |
| 300 ## - PHYSICAL DESCRIPTION | |
| Number of Pages | 184p |
| 700 ## - ADDED ENTRY--PERSONAL NAME | |
| Personal name | Novel |
| 942 ## - ADDED ENTRY ELEMENTS (KOHA) | |
| Koha item type | Books |
| Withdrawn status | Lost status | Damaged status | Home library | Current library | Date acquired | Source of acquisition | Cost, normal purchase price | Full call number | Accession Number | Koha item type |
|---|---|---|---|---|---|---|---|---|---|---|
| KAUAET | KAUAET | 07/10/2024 | Donated by KT Jaleel MLA | 350.00 | 894.8123 MAD/VA | 26262 | Books |
